ՀՀ Գիտությունների ազգային ակադեմիայի հիմնարար գիտական գրադարան  =   Fundamental Scientific Library of NAS RA

Արազի / (Record no. 188059)

MARC details
000 -LEADER
fixed length control field 00834nam a2200229 a 4500
001 - CONTROL NUMBER
control field 000506878
003 - CONTROL NUMBER IDENTIFIER
control field AM-YeHGA
005 - DATE AND TIME OF LATEST TRANSACTION
control field 20250618072706.0
008 - FIXED-LENGTH DATA ELEMENTS--GENERAL INFORMATION
fixed length control field 061102s1949 ai |||||r|||||||||0|arm|d
040 ## - CATALOGING SOURCE
Original cataloging agency AM-YeHGA
041 0# - LANGUAGE CODE
Language code of text/sound track or separate title arm
090 ## - LOCALLY ASSIGNED LC-TYPE CALL NUMBER (OCLC); LOCAL CALL NUMBER (RLIN)
-- 189525
100 1# - MAIN ENTRY--PERSONAL NAME
Personal name Ստեփանյան, Գառնիկ Խաչատուրի,
Dates associated with a name 1909-1989
9 (RLIN) 1722
245 10 - TITLE STATEMENT
Title Արազի /
Statement of responsibility, etc. Գ. Ստեփանյան.
260 ## - PUBLICATION, DISTRIBUTION, ETC.
Place of publication, distribution, etc. Երևան :
Name of publisher, distributor, etc. ՀՍՍՌ ԳԱ,
Date of publication, distribution, etc. 1949.
300 ## - PHYSICAL DESCRIPTION
Extent [22] էջ
500 ## - GENERAL NOTE
General note Առանձնատիպ. ՀՍՍՌ ԳԱ 1949 թ. № 8 «Տեղեկագիր»-ից, էջ՝ 3-23
600 14 - SUBJECT ADDED ENTRY--PERSONAL NAME
Personal name Արազի, Մովսես,
Dates associated with a name 1878-1964
9 (RLIN) 972
650 10 - SUBJECT ADDED ENTRY--TOPICAL TERM
Topical term or geographic name entry element Հայ գրականագիտություն
9 (RLIN) 4862
856 41 - ELECTRONIC LOCATION AND ACCESS
Uniform Resource Identifier <a href="https://arar.sci.am/dlibra/publication/400710/edition/370837/content">https://arar.sci.am/dlibra/publication/400710/edition/370837/content</a>
Link text Կարդալ առցանց
942 ## - ADDED ENTRY ELEMENTS (KOHA)
Source of classification or shelving scheme Universal Decimal Classification
Koha item type Գրքեր / Books
Holdings
Withdrawn status Lost status Damaged status Not for loan Collection Home library Current library Date acquired Total checkouts Full call number Barcode Date last seen Price effective from Koha item type Public note
        General Fundamental Scientific Library Fundamental Scientific Library 28/12/2016   AII/31541 220031541 28/12/2016 28/12/2016 Գրքեր / Books 30 Days Loan
        General Fundamental Scientific Library Fundamental Scientific Library 28/12/2016   AII/31542 220031542 28/12/2016 28/12/2016 Գրքեր / Books 30 Days Loan


ՀՀ ԳԱԱ հիմնարար գիտական գրադարան
ՀՀ,Երևան 0019
Մարշալ Բաղրամյան 24/6
հեռախոս:(374-10) 52-47-50
Հետադարձ կապ

All site content, except where otherwise noted, is licensed under a
Creative Commons License